| 000 | 00904nam a2200289 a 4500 | ||
|---|---|---|---|
| 001 | 000109775 | ||
| 003 | CHAP | ||
| 005 | 20220329144103.0 | ||
| 008 | 140527s1999 mx |rm |0|||||spa d | ||
| 010 | _a106237 | ||
| 011 | _a107209 | ||
| 040 | _cCHAP | ||
| 090 | _aTesis | ||
| 100 | 0 | 0 |
_aAguirre Gómez, José Alfonso. _92991 |
| 245 | 1 | 0 |
_aAnalisis regional de la diversidad del Maíz en el Sureste de Guanajuato / _cpor Jose Alfonso Aguirre Gomez. |
| 260 |
_aMéxico, D.F. : _bEl autor, _c1999. |
||
| 300 | _av, 79 h. | ||
| 502 | _aTesis (PH. D. en Ciencias Biologia) -- Universidad Autonoma de México | ||
| 590 |
_aE5765TAJ _b05 _c20140527 _lUCH01 _h1355 |
||
| 650 | 1 | 4 |
_aMaíz _xClasificación. _970901 |
| 650 | 1 | 4 |
_aMaíz _xFisiología y morfología. _970958 |
| 650 | 1 | 4 |
_aMaíz _xGuanajuato. _970969 |
| 650 | 1 | 4 |
_aMaíz _xVariedades. _971081 |
| 901 | _aBK | ||
| 942 | _cTESIS | ||
| 942 | _n0 | ||
| 999 |
_c106237 _d106237 |
||